00792cam a2200205 4500001001300000003000400013005001700017008004100034010002200075025002000097050001900117110005900136245021400195260004600409300002100455410003600476500001700512610004000529999001700569sa 68018216 DLC20260227112709.0710701s1968 ii 00000 eng  asa 68018216 //r84 aPL480:I-F-E-1330 aHE945.S48bI4910aIndia.bParliament.bCommittee on Public Undertakings.00aAction taken by Government on the recommendations contained in the third Report of the Committee on Public Undertakings (third Lok Sabha);bShipping Corporation of India ltd., Ministry of Transport & Shipping.0 aNew Delhi,bLok Sabha Secretariat,c1968. av, 36 p.c24 cm.11aItstReport,v4th Lok Sabha, 18 aCover title.20aShipping Corporation of India, ltd. c88246d88246